000 00255nam a2200109Ia 4500
008 220204s9999 xx 000 0 und d
082 _a678.061(083.74)
_bANG
245 0 _aLatex test methods
260 _aMalaya
_bRRIM
650 _aLatex test
942 _cBK
999 _c22732
_d22732